| 000 | 00502nam a22001817b 4500 | ||
|---|---|---|---|
| 003 | OSt | ||
| 005 | 20150327105303.0 | ||
| 008 | 040907s1985 sp | ||| ||spa | ||
| 020 | _a84-7209-189-9 | ||
| 040 | _cBMC | ||
| 082 | _a808.0687281 | ||
| 100 | 1 |
_aPérez de Antón, Francisco _914432 |
|
| 245 | 1 | 0 |
_aCansados de esperar el sol _cFrancisco Pérez de Antón |
| 260 |
_aMadrid _bUnión Editorial _c1985 |
||
| 300 |
_a213 p. _c18 cm |
||
| 650 | 2 | 4 |
_928303 _aCuentos guatemaltecos |
| 942 |
_2ddc _cBK |
||
| 999 |
_c19254 _d19254 |
||